| 000 | 01596cas a2200421 a 4500 | ||
|---|---|---|---|
| 001 | 11389714 | ||
| 003 | OSt | ||
| 005 | 20230704155607.0 | ||
| 008 | 890619u1986uuuuenkar 0 a0eng c | ||
| 010 |
_a 91649764 _zsn 91012003 |
||
| 016 | 7 |
_a007167034 _2Uk |
|
| 035 | _a(OCoLC)ocm19891038 | ||
| 040 |
_aAAA _beng _cAAA _dNST _dDLC _dOCLCQ _dUKMGB _dOCLCF _dOCLCO |
||
| 042 | _apcc | ||
| 043 | _ad------ | ||
| 082 | 0 | 0 |
_a363.6 _bPIC |
| 245 | 0 | 0 | _aDeveloping world water. |
| 260 |
_aLondon : _bGrosvenor Press International |
||
| 300 |
_av. : _bill. (some col.) ; _c25 cm. |
||
| 310 | _aAnnual | ||
| 362 | 1 | _aBegan with v. 1, published in 1986. | |
| 550 | _aPublished with the collaboration of the Water Engineering and Development Centre (WEDC), 1986- | ||
| 588 | _aDescription based on: Vol. 2, published in 1987. | ||
| 588 | _aLatest issue consulted: Vol. 3, published in 1988. | ||
| 590 | _aSERBIB/SERLOC merged record | ||
| 650 | 0 |
_aWater-supply _zDeveloping countries _vPeriodicals. |
|
| 650 | 0 |
_aWater resources development _zDeveloping countries _vPeriodicals. |
|
| 650 | 0 |
_aSanitary engineering _zDeveloping countries _vPeriodicals. |
|
| 650 | 7 |
_aSanitary engineering. _2fast _0(OCoLC)fst01105008 |
|
| 650 | 7 |
_aWater resources development. _2fast _0(OCoLC)fst01171955 |
|
| 650 | 7 |
_aWater-supply. _2fast _0(OCoLC)fst01172350 |
|
| 651 | 7 |
_aDeveloping countries. _2fast _0(OCoLC)fst01242969 |
|
| 655 | 7 |
_aPeriodicals. _2fast _0(OCoLC)fst01411641 |
|
| 710 | 2 | _aWEDC (Center) | |
| 906 |
_a7 _bcbc _cserials _d2 _encip _f19 _gn-oclcserc |
||
| 942 |
_2ddc _cBK |
||
| 999 |
_c3921 _d3921 |
||